|
|
|
|
| LEADER |
00000nas a22000007a 4500 |
| 001 |
ssj0022846 |
| 003 |
WaSeSS |
| 005 |
20200512172242.0 |
| 006 |
m d |
| 007 |
cr n |
| 008 |
050614c19959999riufx p s 0 a0eng c |
| 010 |
|
|
|a 2005212502
|
| 016 |
7 |
|
|a 025662341
|2 DE-101
|
| 016 |
7 |
|
|a 2136451-5
|2 DE-600
|
| 022 |
|
|
|a 1558-5476
|l 1357-1559
|y 1357-1559
|
| 035 |
|
|
|a (WaSeSS)ssj0022846
|
| 037 |
|
|
|b Berghahn Journals, 150 Broadway Suite 812, New York, NY 10038, USA
|
| 040 |
|
|
|a OCLCS
|b eng
|c OCLCS
|d NSD
|d DLC
|d OCLCG
|d OCLCQ
|d TXU
|d HEBIS
|d DEBBG
|d OCLCQ
|d GBVCP
|d OCLCQ
|d EYM
|d OCLCF
|d VT2
|d OCLCQ
|d OCLCA
|d OCLCE
|d UAB
|d WT2
|d MUX
|d NTG
|d AU@
|d AUD
|d CUS
|d WaSeSS
|
| 042 |
|
|
|a nsdp
|a pcc
|
| 050 |
|
4 |
|a PQ2637.A82
|b Z8347
|
| 082 |
1 |
0 |
|a 142
|2 13
|
| 222 |
|
0 |
|a Sartre studies international
|b (Online)
|
| 245 |
0 |
0 |
|a Sartre studies international
|h [electronic resource] :
|b an international journal of existentialism and contemporary culture.
|
| 246 |
3 |
0 |
|a International journal of existentialism and contemporary culture
|
| 260 |
|
|
|a Providence, RI :
|b Berghahn Books, Inc.,
|c ©1995-
|
| 310 |
|
|
|a Semiannual
|
| 362 |
1 |
|
|a Began with v. 1, no. 1/2 (1995).
|
| 500 |
|
|
|a Subtitle varies.
|
| 506 |
|
|
|a License restrictions may limit access.
|
| 515 |
|
|
|a Some issues combined.
|
| 538 |
|
|
|a Mode of access: World Wide Web.
|
| 588 |
|
|
|a Description based on: Vol. 1, issues 1 & 2 (1995); title from PDF table of contents page (JSTOR, viewed Apr. 25, 2014).
|
| 588 |
|
|
|a Latest issue consulted: Vol. 14, no. 2 (2008) (JSTOR, viewed Apr. 25, 2014).
|
| 600 |
1 |
0 |
|a Sartre, Jean-Paul,
|d 1905-1980
|x Criticism and interpretation
|v Periodicals.
|
| 600 |
1 |
7 |
|a Sartre, Jean-Paul,
|d 1905-1980.
|2 fast
|0 (OCoLC)fst00042642
|
| 600 |
1 |
6 |
|a Sartre, Jean-Paul,
|d 1905-1980
|x Critique et interprétation
|v Périodiques.
|
| 650 |
|
0 |
|a Existentialism
|v Periodicals.
|
| 650 |
|
7 |
|a Existentialism.
|2 fast
|0 (OCoLC)fst00918204
|
| 653 |
0 |
|
|a Literature/writing
|a Philosophy and religion
|
| 655 |
|
0 |
|a Electronic journals.
|
| 776 |
0 |
8 |
|i Print version:
|t Sartre studies international
|x 1357-1559
|w (DLC)sn 98033907
|w (OCoLC)37839809
|
| 856 |
4 |
0 |
|z Full text available from Research Library: 04/01/2011 to 1 year ago
|u https://search.proquest.com/publication/2037554
|